<?xml version="1.0" encoding="UTF-8"?>
<record
    xmlns:xsi="http://www.w3.org/2001/XMLSchema-instance"
    xsi:schemaLocation="http://www.loc.gov/MARC21/slim http://www.loc.gov/standards/marcxml/schema/MARC21slim.xsd"
    xmlns="http://www.loc.gov/MARC21/slim">

  <leader>00759nam a22002177a 4500</leader>
  <controlfield tag="003">SEM</controlfield>
  <datafield tag="999" ind1=" " ind2=" ">
    <subfield code="c">71993</subfield>
    <subfield code="d">71993</subfield>
  </datafield>
  <controlfield tag="005">20220608074923.0</controlfield>
  <controlfield tag="008">211215s2018    ai ||||gr|||||001|0 arm|d</controlfield>
  <datafield tag="040" ind1=" " ind2=" ">
    <subfield code="a">SEM</subfield>
    <subfield code="c">SEM</subfield>
  </datafield>
  <datafield tag="041" ind1=" " ind2=" ">
    <subfield code="a">arm</subfield>
  </datafield>
  <datafield tag="080" ind1=" " ind2=" ">
    <subfield code="a">891.981-3/&#x54A;-51</subfield>
  </datafield>
  <datafield tag="100" ind1=" " ind2=" ">
    <subfield code="a">&#x54A;&#x567;&#x580;&#x569;&#x56B;&#x566;&#x56C;&#x565;&#x561;&#x576; &#x542;&#x561;&#x566;&#x561;&#x580;&#x565;&#x561;&#x576; &#x544;&#x561;&#x580;&#x56B;&#x561;&#x576;&#x561;</subfield>
    <subfield code="q">(&#x54A;&#x565;&#x580;&#x569;&#x56B;&#x566;&#x56C;&#x575;&#x561;&#x576; &#x542;&#x561;&#x566;&#x561;&#x580;&#x575;&#x561;&#x576; &#x544;&#x561;&#x580;&#x56B;&#x561;&#x576;&#x561;)</subfield>
    <subfield code="d">1949-</subfield>
  </datafield>
  <datafield tag="245" ind1=" " ind2=" ">
    <subfield code="a">&#x553;&#x578;&#x56D;&#x561;&#x56F;&#x565;&#x580;&#x57A;&#x578;&#x582;&#x574; /</subfield>
    <subfield code="c">&#x544;. &#x54A;&#x567;&#x580;&#x569;&#x56B;&#x566;&#x56C;&#x565;&#x561;&#x576; -&#x542;&#x561;&#x566;&#x561;&#x580;&#x565;&#x561;&#x576;</subfield>
  </datafield>
  <datafield tag="260" ind1=" " ind2=" ">
    <subfield code="a">&#x540;&#x561;&#x56C;&#x567;&#x57A; :</subfield>
    <subfield code="a">[&#x540;&#x561;&#x56C;&#x565;&#x57A;] :</subfield>
    <subfield code="b">&#x57F;&#x57A;. &#x548;&#x57D;&#x56F;&#x565;&#x57F;&#x561;&#x57C;,</subfield>
    <subfield code="c">2018.</subfield>
  </datafield>
  <datafield tag="300" ind1=" " ind2=" ">
    <subfield code="a">107 &#x567;&#x57B; ;</subfield>
    <subfield code="c">24 &#x57D;&#x574;</subfield>
  </datafield>
  <datafield tag="490" ind1=" " ind2=" ">
    <subfield code="a">&#x531;&#x575;&#x563; &#x574;&#x561;&#x57F;&#x565;&#x576;&#x561;&#x577;&#x561;&#x580;</subfield>
    <subfield code="v">25</subfield>
  </datafield>
  <datafield tag="650" ind1=" " ind2=" ">
    <subfield code="a">&#x540;&#x561;&#x575; &#x563;&#x580;&#x561;&#x56F;&#x561;&#x576;&#x578;&#x582;&#x569;&#x575;&#x578;&#x582;&#x576;</subfield>
    <subfield code="x">&#x561;&#x580;&#x571;&#x561;&#x56F;</subfield>
  </datafield>
  <datafield tag="653" ind1=" " ind2=" ">
    <subfield code="a">&#x54D;&#x537;&#x544;</subfield>
  </datafield>
  <datafield tag="830" ind1=" " ind2=" ">
    <subfield code="a">&#x531;&#x575;&#x563; &#x574;&#x561;&#x57F;&#x565;&#x576;&#x561;&#x577;&#x561;&#x580;</subfield>
    <subfield code="s">25</subfield>
  </datafield>
  <datafield tag="942" ind1=" " ind2=" ">
    <subfield code="2">udc</subfield>
    <subfield code="c">BK</subfield>
  </datafield>
  <datafield tag="952" ind1=" " ind2=" ">
    <subfield code="0">0</subfield>
    <subfield code="1">0</subfield>
    <subfield code="2">udc</subfield>
    <subfield code="4">0</subfield>
    <subfield code="7">0</subfield>
    <subfield code="8">&#x533;&#x580;&#x561;&#x57A;&#x561;&#x570;&#x578;&#x581;</subfield>
    <subfield code="a">SEM</subfield>
    <subfield code="b">SEM</subfield>
    <subfield code="d">2021-12-15</subfield>
    <subfield code="g">500.00</subfield>
    <subfield code="i">33130</subfield>
    <subfield code="l">0</subfield>
    <subfield code="o">891.981-3/&#x54A;-51</subfield>
    <subfield code="p">33130</subfield>
    <subfield code="r">2021-12-15</subfield>
    <subfield code="w">2021-12-15</subfield>
    <subfield code="y">BK</subfield>
    <subfield code="z">&#x54D;&#x57A;&#x561;&#x57D;&#x561;&#x580;&#x56F;&#x57E;&#x578;&#x582;&#x574; &#x567; &#x568;&#x576;&#x569;&#x565;&#x580;&#x581;&#x561;&#x57D;&#x580;&#x561;&#x570;</subfield>
  </datafield>
</record>
